Statystyki dla Stany USA z pustą mapą

Kliknij tutaj aby rozwiązać quiz!

Ogólne statystyki

  • Ten quiz został rozwiązany 11 579 razy
    (11 578 od ostatniego zresetowania)
  • Średni wynik to 32 z 50

Odpowiedzi na mapie

Odpowiedzi skodowane kolorowo w zielono-czerwonej skali na mapie do tego quizu, zgodnie z poniższymi procentami.
 

Statystyki odpowiedzi

Stan% Poprawnych
Kalifornia
92%
Teksas
92%
Nowy Jork
91%
Waszyngton
90%
Alaska
87%
Floryda
85%
Karolina Północna
80%
Nowy Meksyk
80%
Karolina Południowa
79%
Hawaje
78%
Alabama
77%
Ohio
77%
Arizona
75%
Nevada
74%
Dakota Północna
73%
Dakota Południowa
73%
Mississippi
69%
Kolorado
67%
Idaho
65%
Georgia
64%
Kentucky
63%
Utah
63%
Wirginia
63%
Oregon
62%
Luizjana
61%
Montana
61%
Oklahoma
61%
Pennsylwania
61%
Arkansas
59%
Illinois
59%
Kansas
59%
Missouri
59%
Nebraska
58%
New Jersey
58%
Michigan
57%
Wyoming
56%
Indiana
55%
Wirginia Zachodnia
55%
Maine
54%
Minnesota
54%
Tennessee
54%
Iowa
52%
Rhode Island
52%
Massachusetts
51%
Wisconsin
51%
Vermont
48%
Maryland
47%
New Hampshire
47%
Connecticut
45%
Delaware
45%

Rozkład punktacji

Percentyl według liczby udzielonych odpowiedzi

Procent ludzi z każdym wynikiem

Twoja historia wyników

Nie rozwiązałeś tego quizu od ostatniego zresetowania